000 01061nam a2200253Ia 4500
999 _c40536
_d40536
001 7147
003 GE_BSU
005 20231107161713.0
008 181216s2009||||ge |||||||||||||| ||geo||
020 _a9789941910093
040 _cGE_BSU
041 _ageo
080 _a821.112-2-31 ბ-69
100 _aჰაინრიხ, ბიოლი
_920308
245 _aუკაცო სახლი :
_bრომანი /
_cბიოლი ჰაინრიხ ; თარგმნ. თენგიზ პატარაიამ ; საგამომცემლო პროექტის ავტ. კახმეგ კუდავა.
264 _aთბილისი :
_bინტელექტი,
_c2009.
300 _a331 გვ. ;
_c20 სმ.
541 _h9ლ.
653 _aგერმანული ლიტერატურა
653 _aრომანი
653 _aუკაცო სახლი
700 _aპატარაია, თენგიზ
_eმთარგმნელი
_920309
942 _cBK
_2udc